000 00340pab a2200145 454500
008 180718b1986 xxu||||| |||| 00| 0 eng d
100 _aDang, Satyapal
245 _aPunjab police
_bWhy ineffective?
260 _c1986
300 _a5,35
362 _a2 Aug.
650 _aPolice - India - Punjab
773 _aMainstream
909 _a15166
999 _c15166
_d15166